Conjugaisons Latines - 2 - Statistiques

Statistiques générales
  • Ce quiz a été pris 6 fois
  • Le résultat moyen est 110 sur 393
Statistiques - réponses
Hint Réponse % Correct
a eo
100%
a imus
100%
a is
100%
a it
100%
a itis
100%
a audimus
67%
a audio
67%
a audis
67%
a audit
67%
a auditis
67%
a audiunt
67%
a capimus
67%
a capio
67%
a capis
67%
a capit
67%
a capitis
67%
a capiunt
67%
a eam
67%
a eamus
67%
a eant
67%
a eas
67%
a eat
67%
a eatis
67%
a i
67%
a ibam
67%
a ibamus
67%
a ibant
67%
a ibas
67%
a ibat
67%
a ibatis
67%
ibatur
67%
a ibimus
67%
a ibis
67%
a ibit
67%
a ibitis
67%
ibitur
67%
a ibo
67%
a ibunt
67%
a ire
67%
a irem
67%
a iremus
67%
a irent
67%
a ires
67%
a iret
67%
a iretis
67%
a ite
67%
a ito
67%
a itote
67%
itur
67%
a iueram
67%
a iueramus
67%
a iuerant
67%
a iueras
67%
a iuerat
67%
a iueratis
67%
a iuerim
67%
a iuerimus
67%
a iuerimus
67%
a iuerint
67%
a iuerint
67%
a iueris
67%
a iueris
67%
a iuerit
67%
a iuerit
67%
a iueritis
67%
a iueritis
67%
a iuero
67%
a iuerunt
67%
a iui
67%
a iuimus
67%
a iuisse
67%
a iuissem
67%
a iuissemus
67%
a iuissent
67%
a iuisses
67%
a iuisset
67%
a iuissetis
67%
a iuisti
67%
a iuistis
67%
a iuit
67%
a audi
33%
a audiam
33%
a audiam
33%
a audiamus
33%
a audiant
33%
a audias
33%
a audiat
33%
a audiatis
33%
a audiebam
33%
a audiebamus
33%
a audiebant
33%
a audiebas
33%
a audiebat
33%
a audiebatis
33%
a audiemus
33%
a audient
33%
a audies
33%
a audiet
33%
a audietis
33%
a audimini
33%
a audimur
33%
a audior
33%
a audire
33%
a audirem
33%
a audiremus
33%
a audirent
33%
a audires
33%
a audiret
33%
a audiretis
33%
a audiris
33%
a audite
33%
a audito
33%
a auditote
33%
a auditur
33%
a audiueram
33%
a audiueramus
33%
a audiuerant
33%
a audiueras
33%
a audiuerat
33%
a audiueratis
33%
a audiuerim
33%
a audiuerimus
33%
a audiuerimus
33%
a audiuerint
33%
a audiuerint
33%
a audiueris
33%
a audiueris
33%
a audiuerit
33%
a audiuerit
33%
a audiueritis
33%
a audiueritis
33%
a audiuero
33%
a audiuerunt
33%
a audiui
33%
a audiuimus
33%
a audiuisse
33%
a audiuissem
33%
a audiuisses
33%
a audiuisti
33%
a audiuistis
33%
a audiuit
33%
a cape
33%
a capere
33%
a caperem
33%
a caperemini
33%
a caperemur
33%
a caperemus
33%
a caperent
33%
a caperentur
33%
a caperer
33%
a capereris
33%
a caperes
33%
a caperet
33%
a caperetis
33%
a caperetur
33%
a caperis
33%
a capi
33%
a capiam
33%
a capiam
33%
a capiamini
33%
a capiamur
33%
a capiamus
33%
a capiant
33%
a capiantur
33%
a capiar
33%
a capiaris
33%
a capias
33%
a capiat
33%
a capiatis
33%
a capiatur
33%
a capiebam
33%
a capiebamini
33%
a capiebamur
33%
a capiebamus
33%
a capiebant
33%
a capiebantur
33%
a capiebar
33%
a capiebaris
33%
a capiebas
33%
a capiebat
33%
a capiebatis
33%
a capiebatur
33%
a capiemus
33%
a capient
33%
a capies
33%
a capiet
33%
a capietis
33%
a capimini
33%
a capimur
33%
a capior
33%
a capite
33%
a capito
33%
a capitote
33%
a capitur
33%
a captus eram
33%
a captus ero
33%
a captus essem
33%
a captus sim
33%
a captus sum
33%
a ceperam
33%
a ceperamus
33%
a ceperant
33%
a ceperas
33%
a ceperat
33%
a ceperatis
33%
a ceperim
33%
a ceperimus
33%
a ceperimus
33%
a ceperint
33%
a ceperint
33%
a ceperis
33%
a ceperis
33%
a ceperit
33%
a ceperit
33%
a ceperitis
33%
a ceperitis
33%
a cepero
33%
a ceperunt
33%
a cepi
33%
a cepimus
33%
a cepisse
33%
a cepissem
33%
a cepissemus
33%
a cepissent
33%
a cepisses
33%
a cepisset
33%
a cepissetis
33%
a cepisti
33%
a cepistis
33%
a cepit
33%
eatur
33%
a eunt
33%
a ferimus
33%
a fero
33%
a fers
33%
a fert
33%
a fertis
33%
a ferunt
33%
iretur
33%
iri
33%
itum erat
33%
itum erit
33%
itum esse
33%
itum esset
33%
itum est
33%
itum sit
33%
a audiamini
0%
a audiamur
0%
a audiantur
0%
a audiar
0%
a audiar
0%
a audiaris
0%
a audiatur
0%
a audiebamini
0%
a audiebamur
0%
a audiebantur
0%
a audiebar
0%
a audiebaris
0%
a audiebatur
0%
a audiemini
0%
a audiemur
0%
a audientur
0%
a audieris
0%
a audietur
0%
a audimini
0%
a audire
0%
a audiremini
0%
a audiremur
0%
a audirentur
0%
a audirer
0%
a audireris
0%
a audiretur
0%
a audiri
0%
a auditus eram
0%
a auditus ero
0%
a auditus esse
0%
a auditus essem
0%
a auditus sim
0%
a auditus sum
0%
a audiuissent
0%
a audiuntur
0%
a auidiuisset
0%
a auidiuissetis
0%
a auiduissemus
0%
a capere
0%
a capiar
0%
a capiemini
0%
a capiemur
0%
a capientur
0%
a capieris
0%
a capietur
0%
a capimini
0%
a capiuntur
0%
a captus esse
0%
a fer
0%
a feram
0%
a feram
0%
a feramini
0%
a feramur
0%
a feramus
0%
a ferant
0%
a ferantur
0%
a ferar
0%
a ferar
0%
a feraris
0%
a feras
0%
a ferat
0%
a feratis
0%
a feratur
0%
a ferebam
0%
a ferebamini
0%
a ferebamur
0%
a ferebamus
0%
a ferebant
0%
a ferebantur
0%
a ferebar
0%
a ferebaris
0%
a ferebas
0%
a ferebat
0%
a ferebatis
0%
a ferebatur
0%
a feremini
0%
a feremur
0%
a feremus
0%
a ferent
0%
a ferentur
0%
a fereris
0%
a feres
0%
a feret
0%
a feretis
0%
a feretur
0%
a ferimini
0%
a ferimini
0%
a ferimur
0%
a feror
0%
a ferre
0%
a ferre
0%
a ferrem
0%
a ferremini
0%
a ferremur
0%
a ferremus
0%
a ferrent
0%
a ferrentur
0%
a ferrer
0%
a ferreris
0%
a ferres
0%
a ferret
0%
a ferretis
0%
a ferretur
0%
a ferri
0%
a ferris
0%
a ferte
0%
a ferto
0%
a fertote
0%
a fertur
0%
a feruntur
0%
a latus eram
0%
a latus ero
0%
a latus esse
0%
a latus essem
0%
a latus sim
0%
a latus sum
0%
a tuleram
0%
a tuleramus
0%
a tulerant
0%
a tuleras
0%
a tulerat
0%
a tuleratis
0%
a tulerim
0%
a tulerimus
0%
a tulerimus
0%
a tulerint
0%
a tulerint
0%
a tuleris
0%
a tuleris
0%
a tulerit
0%
a tulerit
0%
a tuleritis
0%
a tuleritis
0%
a tulero
0%
a tulerunt
0%
a tuli
0%
a tulimus
0%
a tulisse
0%
a tulissem
0%
a tulissemus
0%
a tulissent
0%
a tulisses
0%
a tulisset
0%
a tulissetis
0%
a tulisti
0%
a tulit
0%
a tulitis
0%
Aucun quiz correspondant
Distribution des résultats
% des personnes avec chaque résultat
Percentile par nombre de réponses
Votre historique - résultats
Vous n’avez pas pris ce quiz